Statistics for Countries Most Known By Canadians

Click here to take the quiz!

General Stats

  • This quiz has been taken 19 times
  • The average score is 80 of 110

Answer Stats

HintAnswer% Correct
83%India
100%
13%Ireland
100%
1%Israel
100%
91%Mexico
100%
33%Portugal
100%
92%Russia
100%
40%Spain
100%
51%United Kingdom
100%
98%United States
100%
80%Argentina
94%
84%Australia
94%
99%Canada
94%
74%Chile
94%
87%China
94%
2%Costa Rica
94%
18%Egypt
94%
93%France
94%
49%Germany
94%
22%Greece
94%
17%Iceland
94%
33%Italy
94%
4%New Zealand
94%
27%Pakistan
94%
21%Sweden
94%
11%Afghanistan
88%
23%Algeria
88%
82%Brazil
88%
4%Colombia
88%
15%Denmark
88%
12%Finland
88%
47%Indonesia
88%
8%Jamaica
88%
71%Japan
88%
12%Kazakhstan
88%
5%Mongolia
88%
9%Morocco
88%
21%Norway
88%
5%Peru
88%
34%Poland
88%
20%South Africa
88%
2%Belgium
82%
1%Bolivia
82%
1%Honduras
82%
9%Iran
82%
2%Iraq
82%
7%Netherlands
82%
1%Panama
82%
10%Romania
82%
16%Turkey
82%
1%Czechia
76%
2%Democratic Republic of the Congo
76%
15%Hungary
76%
1%Libya
76%
2%Madagascar
76%
1%Niger
76%
16%Nigeria
76%
1%Serbia
76%
31%South Korea
76%
1%Syria
76%
26%Ukraine
76%
1%Albania
71%
3%Austria
71%
1%Bahamas
71%
5%Belarus
71%
4%Croatia
71%
49%Cuba
71%
1%Nicaragua
71%
28%North Korea
71%
25%Saudi Arabia
71%
17%Switzerland
71%
1%Uruguay
71%
2%Vietnam
71%
2%Bangladesh
65%
1%Dominican Republic
65%
1%El Salvador
65%
1%Estonia
65%
2%Fiji
65%
1%Latvia
65%
1%Mali
65%
1%Nepal
65%
1%Oman
65%
1%Slovakia
65%
1%Slovenia
65%
7%United Arab Emirates
65%
6%Venezuela
65%
2%Yemen
65%
4%Ethiopia
59%
1%Lithuania
59%
1%Sudan
59%
1%Bulgaria
53%
1%Kenya
53%
1%Qatar
53%
1%Sri Lanka
53%
1%Tanzania
53%
1%Cambodia
47%
3%Chad
47%
1%Myanmar (Burma)
47%
1%South Sudan
47%
1%Angola
41%
1%Singapore
41%
11%Taiwan
35%
1%Zimbabwe
35%
1%Cote d'Ivoire (Ivory Coast)
29%
1%Uganda
29%
1%Zambia
29%
1%Seychelles
24%
1%Guinea
18%
68%Phillipines
18%
1%Vanuatu
12%
1% ** Hong Kong *
6%

Score Distribution

Percentile by Number Answered

Percent of People with Each Score

Your Score History

You have not taken this quiz